| 000 | 01093nam a2200325 i 4500 | ||
|---|---|---|---|
| 001 | 177267 | ||
| 003 | ES-MaACL | ||
| 005 | 20230906220306.0 | ||
| 007 | t| | ||
| 008 | 110311s1968 fr abdf |||| | fre d | ||
| 080 | _a913:338(460) | ||
| 080 | _a338:913(460) | ||
| 080 | _a913:338(469) | ||
| 080 | _a338:913(469) | ||
| 100 | 1 |
_aVilá Valentí, Juan. _9114743 |
|
| 245 | 1 | 3 |
_aLa Péninsule Ibérique / _cpar J. Vilá Valentí ; traduit de l'espagnol par Hélène Leconte de Martonne. |
| 250 | _a1e éd. | ||
| 260 |
_aParis : _bPresses Universitaires de France, _c1968. |
||
| 300 |
_a290, [8] p. de lám. : _bil. ; _c19 cm. |
||
| 490 | 1 |
_aMagellan. La Géographie et ses problèmes ; _v13 |
|
| 500 | _aÍndice. | ||
| 504 | _aBibliografía: p. 273-285. | ||
| 546 | _aTexto en francés. | ||
| 651 | 4 |
_aEspaña- _xGeografía. _98200 |
|
| 651 | 4 |
_aPortugal- _xGeografía. _99254 |
|
| 700 | 1 |
_aLeconte de Martonne, Hélène. _9145568 |
|
| 830 | 0 |
_aMagellan. La Géographie et ses problèmes ; _v13 _9182333 |
|
| 852 |
_aES-MaACL _jE-14668 _xOlim P-507 |
||
| 999 |
_c177267 _d177267 |
||